Statistiken für NATO Mitglied? #3

Klicken Sie hier um das Quiz zu spielen!

Allgemein

  • Dieses Quiz wurde 64 mal gespielt
  • Das Durchschnittsergebnis liegt bei 13 aus 15

Antwortstatistiken

HintAntwort% Korrekt
TunesienNein
100%
USAJa
96%
Vereinigte Arabische EmirateNein
96%
SchweizNein
96%
SingapurNein
96%
UkraineNein
96%
SlowenienJa
95%
LettlandJa
95%
BrasilienNein
95%
NorwegenJa
93%
RumänienJa
89%
KosovoNein
82%
AndorraNein
80%
MaltaNein
68%
MontenegroJa
61%

Verteilung der Resultate

Perzentil nach korrekt beantworteten Fragen

Anzahl Personen mit jedem Resultat

Ihre Resultats-Entwicklung

Sie haben dieses Quiz noch nicht gespielt